00313nam a2200109Ia 4500008004100000245008400041260003500125260000900160300001000169500000800179650001600187170224s9999 xx 000 0 und d aLongitudinal test of a developmental model of the transition to early drinking. bJournal of Abnormal Psychology c2014 a123:2 aMay xPsychology.